000 00569nam a22002177a 4500
003 UA-OsUOA
001 74026
007 ta
008 20110324b un ||||| |||| 00| 0 ukr d
100 _aБогдан І.
090 _a330(477)
_bБ73
942 _cSA
040 _aUA-OsUOA
_bukr
_cUA-OsUOA
_dUA-OsUOA
245 _aКонцесії в Україні: форми та шляхи запровадження
300 _aС.35-46
955 _a0
041 _aukr
080 _a330(477)
773 0 _w74023
650 7 _a330 Економіка взагалі
_2UDC
999 _c360317
_d360317